|
|
|
|
| LEADER |
01870nam a2200421 a 4500 |
| 001 |
000701489 |
| 003 |
CZ BrMZK |
| 005 |
20120329124421.0 |
| 007 |
ta |
| 008 |
040105s2003 xr a e 000 0 cze d |
| 015 |
|
|
|a cnb001308217
|
| 020 |
|
|
|a 80-7302-064-5
|q (brož.)
|
| 035 |
|
|
|a (OCoLC)85098378
|
| 040 |
|
|
|a BOA001
|b cze
|
| 072 |
|
7 |
|a 371
|x Školství (organizace)
|2 Konspekt
|9 22
|
| 080 |
|
|
|a (062.534)
|2 MRF
|
| 080 |
|
|
|a 371
|2 MRF
|
| 080 |
|
|
|a 37.013.77
|2 MRF
|
| 080 |
|
|
|a 316.472.4
|2 MRF
|
| 111 |
2 |
|
|a Klima současné české školy (konference)
|d (2003 :
|c Olomouc, Česko)
|7 kn20040519013
|
| 245 |
1 |
0 |
|a Klima současné české školy :
|b sborník příspěvků z 11. konference ČPdS : 14.-15. ledna 2003 Olomouc /
|c Miroslav Chráska, Dana Tomanová, Drahomíra Holoušová (ed.)
|
| 250 |
|
|
|a 1. vyd.
|
| 260 |
|
|
|a Brno :
|b Konvoj,
|c 2003
|
| 300 |
|
|
|a 381 s. :
|b il. ;
|c 21 cm
|
| 504 |
|
|
|a Obsahuje bibliografie a bibliografické odkazy
|
| 650 |
0 |
7 |
|a školství
|7 ph116829
|2 czenas
|
| 650 |
0 |
7 |
|a školní psychologie
|7 ph136585
|2 czenas
|
| 650 |
0 |
7 |
|a interpersonální vztahy
|7 ph114786
|2 czenas
|
| 655 |
|
7 |
|a sborníky konferencí
|7 fd133333
|2 czenas
|
| 700 |
1 |
|
|a Holoušová, Drahomíra,
|d 1938-2022
|7 ola2002142143
|4 edt
|
| 700 |
1 |
|
|a Tomanová, Dana,
|d 1946-
|7 mzk2003214539
|4 edt
|
| 700 |
1 |
|
|a Chráska, Miroslav,
|d 1967-
|7 jo20000080546
|4 edt
|
| 856 |
4 |
1 |
|u http://www.digitalniknihovna.cz/mzk/uuid/uuid:76c31ff0-a03b-11e2-9a9f-005056827e51
|y Digitalizovaný dokument
|x NDK
|
| 910 |
|
|
|a BOA001
|b 2-1128.244
|
| 990 |
|
|
|a BK
|
| 996 |
6 |
|
|b 2610209621
|c 2-1128.244
|l MZK
|r Sklad / do 1 hodiny
|n 10
|p p.v.
|w 000701489
|u 000010
|a 1
|e BOA001
|j MZK50
|s P
|
| 996 |
7 |
|
|b 2610209622
|c 2-1128.244
|l MZK
|r Sklad / do 1 hodiny
|n 62
|p p.v.
|w 000701489
|u 000020
|a 1
|e BOA001
|j MZK50
|s A
|
| 996 |
7 |
|
|b 2610506336
|c 2-1128.244
|l MZK
|r Sklad / do 1 hodiny
|n 31
|p kup
|w 000701489
|u 000030
|a 1
|e BOA001
|j MZK50
|s A
|